=LDR 00000nam 2200000 4500 =001 INLIS000000000010309 =005 20130612102010 =008 ***********************************Ind** =035 ##$$0010-061300000010309 =041 ##$$a Ind =082 ##$$a 616.132 =090 ##$$a 616.132, Bee t =100 ##$$a BEEVERS, D.G =245 ##$$a Tekanan darah =260 ##$$a 2002 $b Jakarta =300 ##$$a 96 hlm, ilus, 23 cm =650 ##$$a Hipertensi =850 ##$$a NBPNMAT =990 ##$$a 0001/BPAP-NTB/2016